000 00860nam a2200265 i 4500
001 179521
003 ES-MaACL
005 20250808081327.0
008 111220s2011 sp f |||| | spa d
020 _a978-84-470-3657-8
080 _a342.9(460)
100 1 _aCosculluela Montaner, Luis.
_940988
245 1 0 _aManual de derecho administrativo.
_pParte general /
_cLuis Cosculluela Montaner.
250 _a22ª ed.
260 _a[Madrid] :
_bCivitas,
_c2011.
300 _a688 p. ;
_c24 cm.
490 1 _aTratados y manuales
504 _aBibliografía: p. [15]-17.
650 7 _aDerecho administrativo-
_zEspaña
_2
_9145992
830 0 _aTratados y manuales
_9177416
852 _aES-MaACL
_9186417
_bR.148446
_jA-11824
_dOlim: N-4829
_cDEPO1
942 _2udc
_cMONOGRAFIA
999 _c179521
_d179521